Kuchen und Torten nach Bildern - Statistiken

Allgemein
  • Dieses Quiz wurde 1.130 mal gespielt
  • Das Durchschnittsergebnis liegt bei 12 aus 16
Antwortstatistiken
Bildquiz Antwort % Korrekt
B{ienenstich}
95%
K{arottenkuchen}
95%
S{chwarzwälder} K{irschtorte}
92%
C{upcake}
85%
D{onauwelle}
85%
M{ohnkuchen}
84%
S{tollen}
84%
G{ugelhupf}
83%
S{treuselkuchen}
79%
S{achertorte}
76%
R{ussischer} Z{upfkuchen}
73%
K{alter} H{und}
71%
F{rankfurter} K{ranz}
66%
R{habarberkuchen}
64%
L{inzer} T{orte}
46%
H{errentorte}
23%
Keine übereinstimmenden Quizze gefunden
Verteilung der Resultate
Anzahl Personen mit jedem Resultat
Perzentil nach korrekt beantworteten Fragen
Ihre Resultats-Entwicklung
Sie haben dieses Quiz noch nicht gespielt